Costumbres de los Indios Tirurayes /

Bibliographic Details
Main Author: Tenorio, José
Format: Microform Book
Language:Spanish
Published: Manila : Tipografía "Amigos del pais", 1892.
Series:Philippine culture series ; item 75.
Subjects:

MARC

Tag First Indicator Second Indicator Subfields
LEADER 00000cam a2200000 4500
001 in00001176521
005 20151002052045.0
007 he bm||||b|c|
008 860110s1892 ph b 000 0 spa d
035 |a (OCoLC)12999988 
035 |9 AGH6439AM 
040 |a CDS  |c CDS  |d TXA  |d UtOrBLW 
041 1 |a spa  |h und 
043 |a a-ph--- 
049 |a TXAI 
099 |a fiche  |a B  |a 1181 
100 1 |a Tenorio, José. 
245 1 0 |a Costumbres de los Indios Tirurayes /  |c Traducidas al Español y anotadas por un padre misionero de la compañia de Jesús. 
264 1 |a Manila :  |b Tipografía "Amigos del pais",  |c 1892. 
300 |a 91 pages 
336 |a text  |b txt  |2 rdacontent 
337 |a microform  |b h  |2 rdamedia 
338 |a microfiche  |b he  |2 rdacarrier 
490 1 |a Philippine culture series ;  |v item 75 
533 |a Microfiche.  |b Washington, D.C.,  |c NCR,  |d 1963.  |e 2 microfiches : negative ;11 x 15 cm.  |f (Philippine culture series, item 75) 
539 |a s  |b 1963  |d dcu  |e n 
500 |a Microform. 
650 0 |a Tiruray (Philippine people) 
650 0 |a Ethnology  |z Philippines. 
830 0 |a Philippine culture series ;  |v item 75. 
999 |a MARS 
999 f f |s 857ff640-8cc9-399c-988d-8ba4df1cde9a  |i dc3c993c-7846-34c4-b905-40d606c05fba  |t 0 
952 f f |p default  |a Texas A&M University  |b College Station  |c Sterling C. Evans Library  |d Evans: Microforms (3rd floor)  |t 0  |e fiche B 1181  |h Other scheme  |i microform -- microfiche 
998 f f |a fiche B 1181  |t 0  |l Evans: Microforms (3rd floor)